| 000 | 00740nam a2200253Ia 4500 | ||
|---|---|---|---|
| 003 | OSt | ||
| 005 | 20220928104901.0 | ||
| 006 | a|||||r|||| 00| 0 | ||
| 007 | ta | ||
| 008 | 220927b |||||||| |||| 00| 0 hin d | ||
| 020 | _c450 | ||
| 024 | _a120184 | ||
| 037 |
_b66, 18/10/2013, Vidyanidhi Prakashan _cTextual |
||
| 040 |
_aSDCL _cSDCL _bhin |
||
| 041 |
_2hin _ahin |
||
| 082 | _aR635x1,1, Q3 | ||
| 100 |
_aPandey Devi Sahay _9412653 |
||
| 245 | 0 | _aPatanjalyogadarsanam | |
| 260 |
_aDelhi _bChaukhambha Sanskrit Pratishthan _c2013 |
||
| 300 |
_a314p _ccm. |
||
| 650 |
_aSanskrit _9391587 |
||
| 942 |
_hR635x1,1, Q3 _cTEXL _2CC |
||
| 999 |
_c728398 _d728398 |
||